Perlembagaan persekutuan : (Record no. 4384)

000 -LEADER
fixed length control field nam a22 a 4500
003 - CONTROL NUMBER IDENTIFIER
control field AKMAL
005 - DATE AND TIME OF LATEST TRANSACTION
control field 20170529150059.0
008 - FIXED-LENGTH DATA ELEMENTS--GENERAL INFORMATION
fixed length control field 170529s2003 my l 00 may d
020 ## - INTERNATIONAL STANDARD BOOK NUMBER
International Standard Book Number 9678914158 (kkt.):
Terms of availability RM17.50
040 ## - CATALOGING SOURCE
Transcribing agency AKMAL
049 00 - LOCAL HOLDINGS (OCLC)
Holding library mal
082 04 - DEWEY DECIMAL CLASSIFICATION NUMBER
Classification number 342.595102 PER
Edition number 21
090 00 - LOCALLY ASSIGNED LC-TYPE CALL NUMBER (OCLC); LOCAL CALL NUMBER (RLIN)
Classification number (OCLC) (R) ; Classification number, CALL (RLIN) (NR) 342.595102
Local cutter number (OCLC) ; Book number/undivided call number, CALL (RLIN) PER
110 1# - MAIN ENTRY--CORPORATE NAME
Corporate name or jurisdiction name as entry element Malaysia
9 (RLIN) 400
245 10 - TITLE STATEMENT
Title Perlembagaan persekutuan :
Remainder of title (hingga 15hb Ogos 2003) /
Statement of responsibility, etc. disusun oleh Lembaga Penyelidikan Undang-Undang
260 ## - PUBLICATION, DISTRIBUTION, ETC.
Place of publication, distribution, etc. Petaling Jaya :
Name of publisher, distributor, etc. International Law Book Services,
Date of publication, distribution, etc. 2003
300 00 - PHYSICAL DESCRIPTION
Extent xii, 170ms. ;
Dimensions 24cm
440 #0 - SERIES STATEMENT/ADDED ENTRY--TITLE
Title UNDANG-UNDANG MALAYSIA
9 (RLIN) 8546
650 #0 - SUBJECT ADDED ENTRY--TOPICAL TERM
Topical term or geographic name entry element Constitutional law
Geographic subdivision Malaysia
9 (RLIN) 437
651 #0 - SUBJECT ADDED ENTRY--GEOGRAPHIC NAME
Geographic name Malaysia
General subdivision Politics and government
9 (RLIN) 44
710 2# - ADDED ENTRY--CORPORATE NAME
Corporate name or jurisdiction name as entry element Lembaga Penyelidikan Undang-Undang
9 (RLIN) 8547
942 ## - ADDED ENTRY ELEMENTS (KOHA)
Source of classification or shelving scheme
Koha item type Book
Holdings
Withdrawn status Lost status Source of classification or shelving scheme Damaged status Not for loan Collection code Home library Current library Shelving location Date acquired Inventory number Full call number Barcode Date last seen Price effective from Koha item type Public note
          NON-FICTION AKMAL Melaka AKMAL Melaka PINJAMAN 29.05.2017 304087 342.595102 PER 201706815 29.05.2017 29.05.2017 Book Dilupuskan. No. Fail. ARKIBMLK.600-6/9/1 Jld.7 (54)
          NON-FICTION AKMAL Melaka AKMAL Melaka PINJAMAN 29.05.2017 304088 342.595102 PER 201706814 29.05.2017 29.05.2017 Book Dilupuskan. No. Fail. ARKIBMLK.600-6/9/1 Jld.7 (54)
          NON-FICTION AKMAL Melaka AKMAL Melaka PINJAMAN 29.05.2017 304083 342.595102 PER 201706813 29.05.2017 29.05.2017 Book Dilupuskan. No. Fail. ARKIBMLK.600-6/9/1 Jld.7 (54)
          NON-FICTION AKMAL Melaka AKMAL Melaka PINJAMAN 29.05.2017 303779 342.595102 PER 201706812 29.05.2017 29.05.2017 Book Dilupuskan. No. Fail. ARKIBMLK.600-6/9/1 Jld.7 (54)
          NON-FICTION AKMAL Melaka AKMAL Melaka PINJAMAN 29.05.2017 303777 342.595102 PER 201706811 29.05.2017 29.05.2017 Book Dilupuskan. No. Fail. ARKIBMLK.600-6/9/1 Jld.7 (54)
          NON-FICTION AKMAL Melaka AKMAL Melaka PINJAMAN 29.05.2017 304086 342.595102 PER 201706810 29.05.2017 29.05.2017 Book Dilupuskan. No. Fail. ARKIBMLK.600-6/9/1 Jld.7 (54)
          NON-FICTION AKMAL Melaka AKMAL Melaka PINJAMAN 29.05.2017 304084 342.595102 PER 201706809 29.05.2017 29.05.2017 Book Dilupuskan. No. Fail. ARKIBMLK.600-6/9/1 Jld.7 (54)
          NON-FICTION AKMAL Melaka AKMAL Melaka PINJAMAN 29.05.2017 304085 342.595102 PER 201706808 29.05.2017 29.05.2017 Book Dilupuskan. No. Fail. ARKIBMLK.600-6/9/1 Jld.7 (54)
Pusat Sumber Maklumat Dato' Haji Sarmin Md Hussin, Akademi Kastam Diraja Malaysia, Melaka
Tel: 06-2331106 | Faks: 06-2313787